Miss France depuis 1980 - Statistiques

Statistiques générales
  • Ce quiz a été pris 162 fois
  • Le résultat moyen est 20 sur 47
Statistiques - réponses
Année Prénom et Nom REGION % Correct
2016 Iris Mittenaere NORD-PAS-DE-CALAIS
88%
2015 Camille Cerf NORD-PAS-DE-CALAIS
84%
2021 Amandine Petit NORMANDIE
81%
2024 Eve Gilles NORD-PAS-DE-CALAIS
80%
2002 Sylvie Tellier LYON
80%
2022 Diane Leyre ILE-DE-FRANCE
78%
2013 Marine Lorphelin BOURGOGNE
78%
2018 Maëva Coucke NORD-PAS-DE-CALAIS
76%
2020 Clémence Botino GUADELOUPE
73%
2019 Vaimalama Chaves TAHITI
73%
2012 Delphine Wespiser ALSACE
69%
2023 Indira Ampiot GUADELOUPE
67%
2017 Alicia Aylies GUYANE
65%
2001 Elodie Gossuin PICARDIE
64%
2011 Laury Thilleman BRETAGNE
64%
2010 Malika Ménard NORMANDIE
64%
2014 Flora Coquerel ORLEANAIS
63%
2008 Valérie Bègue REUNION
62%
2000 Sonia Rolland BOURGOGNE
60%
2007 Rachel Legrain-Trapani PICARDIE
57%
2005 Cindy Fabre NORMANDIE
56%
2006 Alexandra Rosenfeld LANGUEDOC
53%
1999 Mareva Galanter TAHITI
45%
2009 Chloé Mortaud ALBIGEOIS MIDI-PYRENEES
44%
1987 Nathalie Marquay ALSACE
43%
2003 Corinne Coman GUADELOUPE
38%
2004 Laëtitia Bléger ALSACE
38%
1998 Sophie Thalmann LORRAINE
37%
1992 Linda HARDY PAYS DE LA LOIRE
35%
1991 Mareva GEORGES TAHITI
26%
1993 Véronique de la Cruz GUADELOUPE
18%
1994 Valérie Claisse PAYS DE LA LOIRE
15%
1986 Valérie Pascale PARIS
15%
1995 Mélody Vilbert AQUITAINE
14%
1997 Patricia Spéhar PARIS
14%
1990 Gaëlle Voiry AQUITAINE
12%
1989 Peggy Zlotkowski AQUITAINE
12%
1996 Laure Belleville PAYS DE SAVOIE
9%
1980 Patricia Barzyk JURA
8%
1988 Sylvie Bertin BRESSE ET BUGEY
8%
1984 Martine ROBINE NORMANDIE
6%
1985 Suzanne Iskandar ALSACE
6%
1980 Thilda Fuller TAHITI
6%
1983 Frédérique Leroy BORDEAUX
5%
1983 Isabelle Turpault PARIS
5%
1981 Isabelle Bernard NORMANDIE
4%
1982 Sabrine Belleval COTE D'AZUR
1%
Aucun quiz correspondant
Distribution des résultats
% des personnes avec chaque résultat
Percentile par nombre de réponses
Votre historique - résultats
Vous n’avez pas pris ce quiz